Cost Estimating

Gespeichert in:
Bibliographische Detailangaben
1. Verfasser: Stewart, Rodney D.
Format: Buch
Sprache:Englisch
Veröffentlicht: New York Wiley 1982
Ausgabe:1. ed.
Schlagworte:
Tags: Tag hinzufügen
Keine Tags, Fügen Sie das erste Tag hinzu!

MARC

LEADER 00000nam a2200000 4500
001 c000440
005 20221221074533.6
020 |a 0-741-08175-2 
041 0 |a eng 
044 |a US 
245 1 0 |a Cost Estimating  |c Rodney D. Stewart 
250 |a 1. ed. 
264 1 |a New York  |b Wiley  |c 1982 
300 |a 307 s. 
610 2 0 |a rozpočet nákladov 
610 2 0 |a náklady 
610 2 0 |a rozpočtovníctvo 
610 2 0 |a plánovanie podnikové 
610 2 0 |a náklady materiálové 
610 2 0 |a materiál 
610 2 0 |a náklady priame 
610 2 0 |a náklady výrobné 
610 2 0 |a práca 
610 2 0 |a náklady mzdové 
610 2 0 |a náklady režijné 
610 2 0 |a administratíva 
610 2 0 |a poplatky 
610 2 0 |a zisk 
610 2 0 |a mzdy 
610 2 0 |a životnosť výrobkov 
610 2 0 |a inflácia 
100 1 |a Stewart, Rodney D.